000 00541nam a2200181Ia 4500
003 OSt
005 20240715133140.0
008 210210b1948 xxu||||| |||| 00| 0 eng d
040 _cAL
041 _akan
082 _a859/507
100 _aCHARUVANDYOPADHYAYA ಚಾರುಚಂದ್ರ ವಂದ್ಯೋಪಾಧ್ಯಾಯ.
_9149223
245 _aPanjarada hakki:
_bಪಂಜರದ ಹಕ್ಕಿ
260 _aDharavada
_bPrathibha Granthamale.,
_c1948
690 _aKannada Fiction
_9149224
906 _a021367
942 _2ddc
_cBK
999 _c145449
_d145449